Szczegóły MARC21

Geschichte des deutschen Romans. Bd.3, Der Weg in die Gegenwart.

005 -DATA I CZAS OSTATNIEJ MODYFIKACJI [,]
    • @
    • pole kontrolne
    • 20070315155141.9
020 -Międzynarod. znormalizowany nr książki - ISBN [ , ]
    • a
    • Numer ISBN
    • 3772013996 Find
040 -Instytucja sporządzająca opis [ , ]
    • a
    • Instytucja, która sporządziła opis (NP)
    • SZCZ U
    • c
    • Instytucja, która sporządziła rekord (NP)
    • SZCZ U
041 -Język dokumentu [0, ]
    • a
    • Język tekstu (P)
    • niemiecki
    • h
    • Język tekstu oryginalnego i/lub pośredniego (P)
    • niemiecki
942 -Rodzaj dokumentu [ , ]
    • c
    • Rodzaj dokumentu
    • Książka
100 -Hasło główne - nazwa osobowa [ , ]
    • a
    • Nazwa osobowa (NP)
    • EMMEL HILDEGARD
245 -Strefa tytułu i oznaczenia odpowiedzialności [1, ]
    • a
    • Tytuł
    • Geschichte des deutschen Romans. Find
    • n
    • Oznaczenie części (P)
    • Bd.3,
    • p
    • Nazwa części (P)
    • Der Weg in die Gegenwart.
260 -Strefa adresu wydawniczego [ , ]
    • a
    • Miejsce wydania (P)
    • Bern ; München :
    • b
    • Nazwa wydawcy (P)
    • Francke,
    • c
    • Data wydania (P)
    • 1978.
300 -Strefa opisu fizycznego [ , ]
    • a
    • Określenie formy książki i/lub objętość (NP)
    • 246 s :
    • c
    • Format (NP)
    • 18 cm.
490 -Strefa serii i książki wielotomowej - forma nie do wyszukiwania [0, ]
    • a
    • Tytuł (P)
    • (Sammlung Dalp ; Find
    • v
    • Numeracja (P)
    • Bd.106)
500 -Uwaga ogólna [ , ]
    • a
    • Uwaga ogólna (NP)
    • Ind
080 -Uniwersalna Klasyfikacja Dziesiętna [ , ]
    • a
    • Symbol klasyfikacji
    • 830(091)-31"15/19"(03)=30
980 -Symbol UKD [ , ]
    • a
    • UKD
    • 830(091)-31"15/19"(03)=30
920 -ISBN [ , ]
    • a
    • ISBN
    • 3-7720-1399-6 Find
Status udost. Sygnatura Data inwentaryzacji Lokalizacja Numer inwentarzowy
1GERM. Powieść 062000-02-17BMG.1698